[Event "EYCC 2024 - O08"]
[Site "?"]
[Date "2024.08.24"]
[Round "3.12"]
[White "Saxena, Advik"]
[Black "Mankovich, Yoav"]
[Result "1-0"]
[BlackElo "1535"]
[WhiteElo "1678"]
[LiveChessVersion "1.4.8"]

1. e4 {[%clk 1:28:59]} e6 {[%clk 1:30:53]} 2. d4 {[%clk 1:27:48]} d5
{[%clk 1:31:18]} 3. exd5 {[%clk 1:27:00]} exd5 {[%clk 1:31:19]} 4. Bd3
{[%clk 1:25:00]} Bd6 {[%clk 1:31:00]} 5. Nf3 {[%clk 1:18:59]} Ne7
{[%clk 1:30:29]} 6. O-O {[%clk 1:16:57]} Nbc6 {[%clk 1:29:50]} 7. c3
{[%clk 1:14:39]} Bg4 {[%clk 1:29:46]} 8. h3 {[%clk 1:14:56]} Bh5 {[%clk 1:28:45]}
9. Be3 {[%clk 1:09:54]} Qd7 {[%clk 1:28:11]} 10. a4 {[%clk 1:05:30]} O-O
{[%clk 1:27:54]} 11. Nbd2 {[%clk 1:05:14]} f5 {[%clk 1:25:50]} 12. Bg5
{[%clk 1:03:50]} h6 {[%clk 1:24:13]} 13. Bxe7 {[%clk 1:03:13]} Qxe7
{[%clk 1:21:16]} 14. Re1 {[%clk 1:03:18]} Qf6 {[%clk 1:21:28]} 15. Qb3
{[%clk 1:03:18]} Rad8 {[%clk 1:18:04]} 16. Qxd5+ {[%clk 1:00:30]} Kh8
{[%clk 1:17:39]} 17. Qb3 {[%clk 1:00:44]} b6 {[%clk 1:03:50]} 18. Re6
{[%clk 0:54:25]} Qf7 {[%clk 1:02:08]} 19. Rae1 {[%clk 0:50:23]} Qg8
{[%clk 0:58:19]} 20. Qc2 {[%clk 0:48:24]} Ne7 {[%clk 0:53:27]} 21. Rxe7
{[%clk 0:46:08]} Bxe7 {[%clk 0:52:38]} 22. Rxe7 {[%clk 0:46:36]} Be8
{[%clk 0:41:55]} 23. Rxc7 {[%clk 0:45:05]} Rd7 {[%clk 0:41:22]} 24. Rxd7
{[%clk 0:44:45]} Bxd7 {[%clk 0:40:41]} 25. Ne5 {[%clk 0:44:38]} Qe6
{[%clk 0:39:50]} 26. Bc4 {[%clk 0:44:51]} Qe8 {[%clk 0:39:35]} 27. Ndf3
{[%clk 0:44:09]} Bxa4 {[%clk 0:38:01]} 28. Nf7+ {[%clk 0:41:12]} Rxf7
{[%clk 0:34:59]} 29. Bxf7 {[%clk 0:40:29]} Qd7 {[%clk 0:31:26]} 30. Bb3
{[%clk 0:40:50]} Bc6 {[%clk 0:31:38]} 31. Ne5 {[%clk 0:41:14]} Qb7
{[%clk 0:31:49]} 32. Nf7+ {[%clk 0:41:34]} Kh7 {[%clk 0:31:19]} 33. Qxf5+
{[%clk 0:42:00]} g6 {[%clk 0:31:21]} 34. Qe6 {[%clk 0:41:36]} Qa8
{[%clk 0:25:02]} 35. Ne5 {[%clk 0:41:49]} Qe8 {[%clk 0:23:04]} 36. Qxc6
{[%clk 0:40:55]} Qxc6 {[%clk 0:23:14]} 37. Nxc6 {[%clk 0:41:15]} a5
{[%clk 0:23:26]} 38. d5 {[%clk 0:41:39]} a4 {[%clk 0:23:41]} 39. Bxa4
{[%clk 0:41:57]} b5 {[%clk 0:24:05]} 40. Bxb5 {[%clk 0:42:23]} g5
{[%clk 0:24:24]} 41. d6 {[%clk 0:42:49]} g4 {[%clk 0:24:44]} 42. hxg4
{[%clk 0:43:14]} h5 {[%clk 0:24:52]} 43. gxh5 {[%clk 0:43:38]} Kh6
{[%clk 0:25:01]} 44. d7 {[%clk 0:43:59]} Kxh5 {[%clk 0:25:21]} 45. d8=Q
{[%clk 0:44:16]} Kg6 {[%clk 0:25:08]} 46. Bd3+ {[%clk 0:44:43]} Kg7
{[%clk 0:25:06]} 47. Qe7+ {[%clk 0:45:05]} 1-0